Seres mitológicos argentinos /

Guardado en:
Autor Principal: Colombres, Adolfo
Otros Autores: Scafati, Luis; il.
Formato: Libro
Publicado: Buenos Aires : Colihue, 2013
Materias:
Etiquetas: Agregar Etiqueta
Sin Etiquetas, Sea el primero en etiquetar este registro!
LEADER 01345nam a22003015a 4500
001 CEM.cems015468
005 20191206184314.0
008 130507s2013##################000#0#####d
003 CEMS
020 |a 9789876849838 
082 0 4 |a A864.4 
100 1 |a Colombres, Adolfo 
245 1 0 |a Seres mitológicos argentinos /  |c Adolfo Colombres ; ilustrado Por Luis Scafati 
260 |a Buenos Aires :  |b Colihue,  |c 2013 
300 |a 320 p. 
505 0 |a Cultura criolla del noroeste -- Cultura criolla del litoral --Cultura criolla del centro, cuyo y el sur : seres difundidos en más de una región -- Culturas Kolla y Diaguito-Calchaqui -- Cultura Mbyá-Guaraní -- Cultura Chiriguano-Chané -- Cultura Toba, Kom o Komlek -- Cultura Mocoví o Mokoit -- Cultura Pilagá -- Cultura Wichí o Mataca -- Cultura Chorote o Iyowaja -- Cultura Nivaklé o Chulupí -- Cultura Mapuche -- Cultura Tehuelche -- Cultura Ona o Selk´nam 
653 |a Literatura 
653 |a Literatura argentina 
653 |a Literatura infantil 
653 |a Ensayo 
653 |a Ensayo argentino 
653 |a Mitología 
653 |a Mitología argentina 
653 |a Pueblos originarios 
653 |a Leyendas 
653 |a Colección ciencias de la educación 
700 1 |a Scafati, Luis; il. 
859 |a CEMS  |b BIB. CEMS - Ccias. Educacion  |h A864.4  |i C717  |k CE  |p 28839.19  |t Ej.1